| 000 | 00500nam a22001817a 4500 | ||
|---|---|---|---|
| 003 | ASAB | ||
| 005 | 20180827062719.0 | ||
| 008 | 161201t xxu||||| |||| 00| 0 eng d | ||
| 020 | _a978-81-8356-297-3 | ||
| 040 | _cASAB | ||
| 082 | _a574 | ||
| 100 |
_aManju Yadav _92411 |
||
| 245 |
_aIntroductory developmental biology _cby Manju Yadav |
||
| 260 |
_aNew Delhi _bDiscovery Publishing House pvt. Ltd. _c2008 |
||
| 300 |
_a337 P. _c22 cm |
||
| 630 |
_aDevelopmental Biology _93689 |
||
| 942 |
_2ddc _cBK |
||
| 999 |
_c480362 _d480362 |
||